| 000 -LEADER |
| fixed length control field |
01436nam a22003737a 4500 |
| 001 - CONTROL NUMBER |
| control field |
13832443 |
| 003 - CONTROL NUMBER IDENTIFIER |
| control field |
OSt |
| 005 - DATE AND TIME OF LATEST TRANSACTION |
| control field |
20210423062004.0 |
| 008 - FIXED-LENGTH DATA ELEMENTS--GENERAL INFORMATION |
| fixed length control field |
050106t20051955nyua j 000 1 eng d |
| 010 ## - LIBRARY OF CONGRESS CONTROL NUMBER |
| LC control number |
2005270183 |
| 020 ## - INTERNATIONAL STANDARD BOOK NUMBER |
| International Standard Book Number |
0060229357 |
| 035 ## - SYSTEM CONTROL NUMBER |
| System control number |
(OCoLC)ocm60748434 |
| 040 ## - CATALOGING SOURCE |
| Original cataloging agency |
UUC |
| Transcribing agency |
UUC |
| Modifying agency |
AIC |
| -- |
DLC |
| Language of cataloging |
eng |
| 041 ## - LANGUAGE CODE |
| Language code of text/sound track or separate title |
eng |
| 050 00 - LIBRARY OF CONGRESS CALL NUMBER |
| Classification number |
MLCS 2006/43120 (P) |
| 080 ## - UNIVERSAL DECIMAL CLASSIFICATION NUMBER |
| Universal Decimal Classification number |
821.111 |
| Item number |
J-74 |
| 082 04 - DEWEY DECIMAL CLASSIFICATION NUMBER |
| Classification number |
[E] |
| Edition number |
22 |
| 100 1# - MAIN ENTRY--PERSONAL NAME |
| Personal name |
Johnson, Crockett, |
| Dates associated with a name |
1906-1975. |
| 245 10 - TITLE STATEMENT |
| Title |
Harold and the purple crayon / |
| Statement of responsibility, etc. |
by Crockett Johnson. |
| 250 ## - EDITION STATEMENT |
| Edition statement |
50th Anniversary edition |
| 260 ## - PUBLICATION, DISTRIBUTION, ETC. |
| Place of publication, distribution, etc. |
[New York] : |
| Name of publisher, distributor, etc. |
HarperCollins, |
| Date of publication, distribution, etc. |
2005, c1955. |
| 300 ## - PHYSICAL DESCRIPTION |
| Extent |
1 v. (unpaged) :42 p. |
| Other physical details |
col. ill. |
| Dimensions |
20 cm. |
| 365 ## - TRADE PRICE |
| Price amount |
16.99 usd |
| 520 ## - SUMMARY, ETC. |
| Summary, etc. |
Harold goes for an adventurous walk in the moonlight with his purple crayon. |
| 650 #0 - SUBJECT ADDED ENTRY--TOPICAL TERM |
| Topical term or geographic name entry element |
Fantasy. |
| 650 #0 - SUBJECT ADDED ENTRY--TOPICAL TERM |
| Topical term or geographic name entry element |
English literature |
| 9 (RLIN) |
254 |
| 650 #1 - SUBJECT ADDED ENTRY--TOPICAL TERM |
| Topical term or geographic name entry element |
Fantasy. |
| 653 ## - INDEX TERM--UNCONTROLLED |
| Uncontrolled term |
ინგლისური ლიტერატურა |
| 655 #7 - INDEX TERM--GENRE/FORM |
| Genre/form data or focus term |
Adventure stories. |
| Source of term |
lcsh |
| 856 42 - ELECTRONIC LOCATION AND ACCESS |
| Materials specified |
Publisher description |
| Uniform Resource Identifier |
<a href="http://www.loc.gov/catdir/enhancements/fy0645/2005270183-d.html">http://www.loc.gov/catdir/enhancements/fy0645/2005270183-d.html</a> |
| 906 ## - LOCAL DATA ELEMENT F, LDF (RLIN) |
| a |
7 |
| b |
cbc |
| c |
copycat |
| d |
2 |
| e |
ncip |
| f |
20 |
| g |
y-gencatlg |
| 942 ## - ADDED ENTRY ELEMENTS (KOHA) |
| Source of classification or shelving scheme |
|
| Koha item type |
Books |